000 00939cab a22002295a 4500
001 L154829
008 120123e20120120xxk 000 0 eng d
035 _a(Sirsi) u154829
041 0 _aeng
100 1 _aHurst, Will
245 0 0 _aWates goes top with 18 wins
_bbusiness barometer
260 _c2012
490 _aBuilding
_v277 (8711) 20 January 2012, 18-19(2)
520 _aOverview; tables of top contractors including and excluding civils for December 2011; yearly work won including and excluding civils January-December 2011; top architects and top quantity surveyors January 2011 to December 2011 using information from Barbour ABI. Looks at construction output, public sector cuts and retail output; the CPA/Barbour ABI Index.
590 _aKA
651 4 _aUnited Kingdom
_y
690 _aContracts
_96232
690 _aConstruction management
_96230
700 1 _aGreen, Brian
700 1 _aForrest, Kelly
942 _n0
999 _c83722
_d83722